000 00473nam a2200193Ia 4500
003 GCL
008 140319s9999 xx 000 0 eng d
040 _aGCL /
_cGCL
082 0 4 _a892.7
_bFR
100 1 _aFITZGFERALD
245 1 0 _aTHE RUBAIYAT OF OMAR KHAYYAM /
_cFITZGFERALD
260 _a[S.N] :
_bDARF PUBLISHERS LIMITED
300 _a75.P
650 0 4 _aARABIC
650 0 4 _aOMAR KHAYYAM
650 0 4 _aRUBAYAT
650 0 4 _aARABIC LITERATURE
942 _2ddc
_cBK
999 _c11611
_d11611